000 00848nam a2200241Ia 4500
003 OSt
005 20220923223435.0
006 a|||||r|||| 00| 0
007 ta
008 220922b |||||||| |||| 00| 0 hin d
024 _a215,382
037 _cTextual
040 _aARTS
_cARTS
_bhin
041 _2hin
_ahin
082 _aY:60gW81.2, 152N7
100 _aविमला आचार्य
_9156318
245 0 _aभारतीय पुनर्जागरण के सामाजिक प्रभाव
246 _aBhāratīya punarjāgaraṇ ke sāmājik prabhāva
260 _aगाजियाबाद
_b के एल पचौरी प्रकाशन
_c1997
300 _a160पृ.
_ccm.
942 _hY:60gW81.2, 152N7
_cTEXL
_2CC
999 _c365289
_d365289